<?xml version="1.0" encoding="UTF-8"?>
<collection xmlns="http://www.loc.gov/MARC21/slim">
    <record>
        <controlfield tag="001">56663</controlfield>
        <controlfield tag="005">20170327111934.0</controlfield>
        <datafield tag="024" ind1="8" ind2=" ">
            <subfield code="2">sideral</subfield>
            <subfield code="a">95796</subfield>
        </datafield>
        <datafield tag="037" ind1=" " ind2=" ">
            <subfield code="a">ART-2016-95796</subfield>
        </datafield>
        <datafield tag="041" ind1=" " ind2=" ">
            <subfield code="a">eng</subfield>
        </datafield>
        <datafield tag="100" ind1=" " ind2=" ">
            <subfield code="0">(orcid)0000-0001-9819-8649</subfield>
            <subfield code="a">Feijóo, Mari´a Luisa</subfield>
            <subfield code="u">Universidad de Zaragoza</subfield>
        </datafield>
        <datafield tag="245" ind1=" " ind2=" ">
            <subfield code="a">Economic valuation of environmental services of the ecological reserve Mache Chindul, Ecuador climate regulation</subfield>
        </datafield>
        <datafield tag="260" ind1=" " ind2=" ">
            <subfield code="c">2016</subfield>
        </datafield>
        <datafield tag="506" ind1="0" ind2=" ">
            <subfield code="a">Access copy available to the general public</subfield>
            <subfield code="f">Unrestricted</subfield>
        </datafield>
        <datafield tag="520" ind1="3" ind2=" ">
            <subfield code="a">Environmental services are all those benefits that a population obtains from ecosystems. Ecological book, as part of terrestrial ecosystems, offer important environmental services, including the protection of draining basins, biodiversity conservation, and carbon retention in the soil. Other functions are to collect water for the aquiferous systems, which affects its own quality, by filtering, absorbing and retaining some polluting agents, which are prevented from going to the reservoirs. They also contribute to regulating temperature and moisture, which improves air quality, all of which are factors related to quality of life. In this research the importance of the identification and economic valuation of the environmental services of an ecological reserve is highlighted as an instrument for conservation and sustainable use of ecosystems. Throughout this study, the impact of the Mache-Chindul ecological reserve is analyzed in relation to climate regulation, based on the current scenario of climate change. To conduct an economical valuation is only possible if there is an adequate understanding of the role that natural resources and biological biodiversity play from a socio-economical perspective.</subfield>
        </datafield>
        <datafield tag="540" ind1=" " ind2=" ">
            <subfield code="9">info:eu-repo/semantics/openAccess</subfield>
            <subfield code="a">by</subfield>
            <subfield code="u">http://creativecommons.org/licenses/by/3.0/es/</subfield>
        </datafield>
        <datafield tag="655" ind1=" " ind2="4">
            <subfield code="a">info:eu-repo/semantics/article</subfield>
            <subfield code="v">info:eu-repo/semantics/publishedVersion</subfield>
        </datafield>
        <datafield tag="700" ind1=" " ind2=" ">
            <subfield code="a">Boza Valle, Jhon</subfield>
        </datafield>
        <datafield tag="700" ind1=" " ind2=" ">
            <subfield code="a">Tachong, Laura</subfield>
        </datafield>
        <datafield tag="700" ind1=" " ind2=" ">
            <subfield code="a">Cobo Litardo, Elsye</subfield>
        </datafield>
        <datafield tag="773" ind1=" " ind2=" ">
            <subfield code="g">2, 1 (2016), 506-511</subfield>
            <subfield code="p">Weber econ. finan.</subfield>
            <subfield code="t">Weber economics and finance</subfield>
            <subfield code="x">2449-1662</subfield>
        </datafield>
        <datafield tag="856" ind1="4" ind2="1">
            <subfield code="u">http://weberpub.org/wef/wef_165.pdf</subfield>
            <subfield code="z">Texto completo de la revista</subfield>
        </datafield>
        <datafield tag="856" ind1="4" ind2=" ">
            <subfield code="s">239251</subfield>
            <subfield code="u">http://zaguan.unizar.es/record/56663/files/texto_completo.pdf</subfield>
            <subfield code="y">Versión publicada</subfield>
        </datafield>
        <datafield tag="856" ind1="4" ind2=" ">
            <subfield code="s">130187</subfield>
            <subfield code="u">http://zaguan.unizar.es/record/56663/files/texto_completo.jpg?subformat=icon</subfield>
            <subfield code="x">icon</subfield>
            <subfield code="y">Versión publicada</subfield>
        </datafield>
        <datafield tag="909" ind1="C" ind2="O">
            <subfield code="o">oai:zaguan.unizar.es:56663</subfield>
            <subfield code="p">articulos</subfield>
            <subfield code="p">driver</subfield>
        </datafield>
        <datafield tag="951" ind1=" " ind2=" ">
            <subfield code="a">2016-09-19-14:36:54</subfield>
        </datafield>
        <datafield tag="980" ind1=" " ind2=" ">
            <subfield code="a">ARTICLE</subfield>
        </datafield>
    </record>

    
</collection>